000
00224nam a22000857a 4500
008
160917b xxu||||| |||| 00| 0 eng d
100
_9
649
_a
Kundra.D.N
245
_a
Social Science-6
260
_a
New Delhi
_b
G.B.P. Publications
_c
2011
999
_c
3306
_d
3306